| 000 | 00775nam a22002171i 4500 | ||
|---|---|---|---|
| 001 | 114570 | ||
| 003 | ES-MaACL | ||
| 005 | 20250731030158.0 | ||
| 007 | t| | ||
| 008 | 070309s1905 sp ||||0| spa d | ||
| 016 | 7 | _zIND9600735202 | |
| 040 |
_aM-BN _bspa _cCDM |
||
| 100 | 1 |
_aQuintanilla y Fábregas, Guillermo. _9170374 |
|
| 245 | 1 | 0 |
_aCartilla agrícola para la enseñanza de la agricultura en las escuelas de las provincias de Cáceres, Badajoz, Ciudad Real y Albacete / _cGuillermo Quintanilla y José Vicente-Arche. |
| 260 |
_aMadrid : _bHijos de M.G. Hernández, _c1905. |
||
| 300 |
_a102 p. : _bil. ; _c19 cm. |
||
| 650 | 0 | 7 |
_aAgricultura _2embne _99670 |
| 700 | 1 |
_aArche, José Vicente. _9125692 |
|
| 852 |
_aES-MaACL _jT-1248-F-1 |
||
| 999 |
_c114570 _d114570 |
||